Normal view
MARC view
Entry Geographic Name
001 - CONTROL NUMBER
- control field: 12472
003 - CONTROL NUMBER IDENTIFIER
- control field: ARRUPE
005 - DATE AND TIME OF LATEST TRANSACTION
- control field: 20141107111800.0
008 - FIXED-LENGTH DATA ELEMENTS
- fixed length control field: 141107|| aca||aabn | a|a d
040 ## - CATALOGING SOURCE
- Original cataloging agency: ARRUPE
- Transcribing agency: ARRUPE
151 ## - HEADING--GEOGRAPHIC NAME
- Geographic name: Lincoln Heritage Trail
- General subdivision: Description and travel.
670 ## - SOURCE DATA FOUND
- Source citation: Work cat.: (ARRUPE)0: Morris, Jan, 1926- 12464, Lincoln, a foreigner's quest /, 2000.